000 00460ntaaa2200193 4500
003 01
005 20251027201631.0
008 0714s1973 ag 01
040 _aAR-BaBN
_bspa
_cAR-BaBN
_eaacr
_dRIC
082 _a231.8000 W55
100 _aWhale, J. S.
_912850
245 _aLa clave del problema del mal
250 _a1 ed.
260 _aBuenos Aires :
_bAurora,
_cc1945
300 _a104 p
650 _ateologĂ­a
650 _apecado
_91838
942 _cBK
999 _c11044
_d11044